| 000 | 00673nam a22002177a 4500 | ||
|---|---|---|---|
| 003 | 0 | ||
| 005 | 20251029155646.0 | ||
| 008 | 251029b xxu||||| |||| 00| 0 eng d | ||
| 020 | _a978-1-83659-822-0 | ||
| 050 |
_aPN 4751 _b.T87 2025 |
||
| 100 |
_aTurner, Aaron, _eauthor. |
||
| 245 |
_aFreedom of press and journalism / _cAaron Turner. |
||
| 260 |
_aLondon, UK : _bED-Tech Press, _c2025. |
||
| 300 |
_avi, 257 pages ; _c27 cm. |
||
| 504 | _aIncludes bibliographical references and index. | ||
| 650 | _aFreedom of the press. | ||
| 650 |
_aJournalism _xMoral and ethical aspects. |
||
| 650 | _aPress law. | ||
| 650 |
_aMass media _xPolitical aspects. |
||
| 942 |
_2lcc _cBK |
||
| 999 |
_c368416 _d368416 |
||